| 000 | 00425nam a2200169Ia 4500 | ||
|---|---|---|---|
| 008 | 230917s9999||||xx |||||||||||||| ||und|| | ||
| 020 | _cRS795 | ||
| 040 |
_e222186 _aMAIN |
||
| 041 | _aEnglish | ||
| 082 | _a647.94 A67G | ||
| 100 | _aArora, R K | ||
| 245 | 0 | _aGuest Managment | |
| 260 |
_aNew Delhi _bAPH Publishing _c2011 |
||
| 300 | _avi, 286 p. | ||
| 500 | _a1802 07/01/2015 TB996 16/01/2015 Main Budget | ||
| 942 | _cBK | ||
| 999 |
_c13384 _d13384 |
||